Territorial expansion. (Record no. 14201)
[ view plain ]
| 000 -LEADER | |
|---|---|
| fixed length control field | 01043cam a22002893 4500 |
| 001 - CONTROL NUMBER | |
| control field | ca 10001580 |
| 003 - CONTROL NUMBER IDENTIFIER | |
| control field | DLC |
| 005 - DATE AND TIME OF LATEST TRANSACTION | |
| control field | 20260227111052.0 |
| 007 - PHYSICAL DESCRIPTION FIXED FIELD--GENERAL INFORMATION | |
| fixed length control field | cr ||||||||||| |
| 008 - FIXED-LENGTH DATA ELEMENTS--GENERAL INFORMATION | |
| fixed length control field | 070530s1899 nyu 000 0 eng |
| 010 ## - LIBRARY OF CONGRESS CONTROL NUMBER | |
| LC control number | ca 10001580 |
| 040 ## - CATALOGING SOURCE | |
| Original cataloging agency | DLC |
| Transcribing agency | DLC |
| Modifying agency | DLC |
| 043 ## - GEOGRAPHIC AREA CODE | |
| Geographic area code | n-us--- |
| 050 00 - LIBRARY OF CONGRESS CALL NUMBER | |
| Classification number | HX15 |
| Item number | .P4 vol. 1, no. 2 |
| 245 00 - TITLE STATEMENT | |
| Title | Territorial expansion. |
| Remainder of title | II. Growth of socialism in America ... |
| 246 30 - VARYING FORM OF TITLE | |
| Title proper/short title | Growth of socialism in America |
| 260 ## - PUBLICATION, DISTRIBUTION, ETC. | |
| Place of publication, distribution, etc. | New York, |
| Name of publisher, distributor, etc. | Socialistic co-operative publ. ass'n., |
| Date of publication, distribution, etc. | 1899 |
| 300 ## - PHYSICAL DESCRIPTION | |
| Extent | 24 p. |
| Dimensions | 24 cm. |
| 490 0# - SERIES STATEMENT | |
| Series statement | The people library ; |
| Volume/sequential designation | vol. 1, no. 2 January, 1899 |
| 500 ## - GENERAL NOTE | |
| General note | Cover-title. |
| 500 ## - GENERAL NOTE | |
| General note | Territorial expansion, p. 1-12, signed: Lucien Sanial. |
| 530 ## - ADDITIONAL PHYSICAL FORM AVAILABLE NOTE | |
| Additional physical form available note | Also available in digital form on the Library of Congress Web site. |
| 650 #0 - SUBJECT ADDED ENTRY--TOPICAL TERM | |
| Topical term or geographic name entry element | Socialism |
| Geographic subdivision | United States. |
| 700 1# - ADDED ENTRY--PERSONAL NAME | |
| Personal name | Sanial, L. |
| Fuller form of name | (Lucien), |
| Dates associated with a name | 1836- |
| 856 41 - ELECTRONIC LOCATION AND ACCESS | |
| Materials specified | |
| Uniform Resource Identifier | <a href="http://hdl.loc.gov/loc.gdc/scd0001.20071207003so.1">http://hdl.loc.gov/loc.gdc/scd0001.20071207003so.1</a> |
| 856 41 - ELECTRONIC LOCATION AND ACCESS | |
| Materials specified | Page view |
| Uniform Resource Identifier | <a href="http://hdl.loc.gov/loc.gdc/scd0001.20071207003so.2">http://hdl.loc.gov/loc.gdc/scd0001.20071207003so.2</a> |
No items available.